000 00392pab a2200145 454500
008 180718b1983 xxu||||| |||| 00| 0 eng d
100 _aGuddy, John
245 _aAssessing liquidity requirements of developing countries, 1984-6
260 _c1983
300 _a814-27
362 _aOct.
650 _aForeign Credit - Underdeveloped Areas
773 _aThird World Quarterly
909 _a8769
999 _c8769
_d8769